000 00629nam a22001937a 4500
999 _c158281
_d158281
005 20181024144625.0
010 _aENG-124355
020 _a9780199480142
_c1095.00
035 _aEN-107887
037 _bDBAD/PUB
082 _a305.5130954
100 _aVaid, Divya
245 _aUneven odds:
_cby Divya Vaid
_bsocial mobility in contemporary india /
260 _aNew Delhi
_bOxford University Press
_c2018
270 _bNew Delhi
_e110002
_a2/11 Ground Floor, Ansari Road, Daryaganj,
300 _axv,339p
_c21cm.(Hb)
500 _aIt includes bibliography and index
942 _2ddc
_cEN
_h305.5130954
_mVAI